<?xml version="1.0" encoding="UTF-8"?>
<collection xmlns="http://www.loc.gov/MARC21/slim">
 <record>
  <leader>     na                 </leader>
  <controlfield tag="001">INLIS000000000000327</controlfield>
  <controlfield tag="005">20260224012333</controlfield>
  <datafield tag="035" ind1=" " ind2=" ">
   <subfield code="a">0010-0317000325</subfield>
  </datafield>
  <controlfield tag="008">260224                           0      </controlfield>
  <datafield tag="245" ind1="1" ind2=" ">
   <subfield code="a">Aims and methods of vegetation ecology /</subfield>
   <subfield code="c">Dieter Mueller-Dombois</subfield>
  </datafield>
  <datafield tag="100" ind1="1" ind2=" ">
   <subfield code="a">Mueller-Dombois, Dieter</subfield>
  </datafield>
  <datafield tag="260" ind1=" " ind2=" ">
   <subfield code="a">New York :</subfield>
   <subfield code="b">John Wiley Sons,</subfield>
   <subfield code="c">1974</subfield>
  </datafield>
  <datafield tag="300" ind1=" " ind2=" ">
   <subfield code="a">xx,547 hlm. ;</subfield>
   <subfield code="c">24 cm</subfield>
  </datafield>
  <datafield tag="084" ind1=" " ind2=" ">
   <subfield code="a">581.5 Mue a</subfield>
  </datafield>
  <datafield tag="082" ind1=" " ind2=" ">
   <subfield code="a">581.5</subfield>
  </datafield>
  <datafield tag="650" ind1=" " ind2=" ">
   <subfield code="a">BOTANY</subfield>
  </datafield>
  <datafield tag="990" ind1=" " ind2=" ">
   <subfield code="a">040989212</subfield>
  </datafield>
 </record>
</collection>
